000 00199nam a2200097 4500
999 _c530809
_d530809
040 _cDLC
082 _a891.4391
_bAMJ
100 _aAmjad Islam Amjad
_99447
245 _aSatwaan Dar
942 _2ddc
_cBK